00310nam a2200097Ia 45000010005000000080041000050820023000461000076000692450046001452600021001911774241024s9999 xx 000 0 und d aRD/792.028/R426c/3 aRepública Dominicana. Secretaría de Estado de Educación y Cultura 0aCuadernos de arte No.3. Artes Escénicas bEd. Tallerc1997